| Поле | Инд. | ПП | Название | Значение |
|---|---|---|---|---|
| Тип записи | a | |||
| Библиографический уровень | m | |||
| 001 | Контрольный номер | 37258ac8-b5fa-4326-9946-8c169a1a7a8c | ||
| 005 | Дата корректировки | 20140703144819.6 | ||
| 008 | Кодируемые данные | 960430 d | ||
| 020 | c | Цена, тираж | б/ц | |
| 040 | a | Служба первич. каталог. | НБ ТвГУ | |
| 041 | a | Код языка текста | rus | |
| 080 | a | Индекс УДК | 81'23(043.3) | |
| a | Индекс УДК | 81'37(043.3) | ||
| 084 | a | Индекс другой классификации/Индекс ББК | Ш102.23я031 | |
| a | Индекс другой классификации/Индекс ББК | Ш100.23я031 | ||
| a | Индекс другой классификации/Индекс ББК | Ш141.12-223я031 | ||
| 090 | x | Авторский знак | Р26 | |
| a | Полочн. индекс | Ш102.2 | ||
| 100 | 1_ | a | Автор | Рафикова Наталия Валерьевна |
| 245 | 10 | a | Заглавие | Динамика ядра и периферии семантического поля текста |
| b | Продолж. заглавия | автореф. дис. ... канд. филол. наук : 10.02.19 | ||
| c | Ответственность | Твер. гос. ун-т | ||
| 260 | 0_ | a | Место издания | Тверь |
| b | Издательство | Тверской государственный университет | ||
| c | Дата издания | 1994 | ||
| 300 | a | Объем | 16 с. | |
| b | Иллюстрации/ тип воспроизводства | табл. | ||
| 500 | a | Примечание | На правах рукоп. | |
| 504 | a | Библиография | Библиогр. в конце кн. | |
| 583 | a | Действие | Получение впервые 251 03.07.2006 | |
| 650 | a | Основная рубрика | Текст (лингв.) | |
| 650 | a | Основная рубрика | Психолингвистика | |
| 650 | a | Основная рубрика | Семантика | |
| 650 | a | Основная рубрика | Русский язык | |
| 653 | a | Ключевые слова | Текст | |
| a | Ключевые слова | Психолингвистика | ||
| a | Ключевые слова | Русский язык | ||
| a | Ключевые слова | Семантика | ||
| a | Ключевые слова | Авторефераты | ||
| a | Ключевые слова | Труды Тверского государственного университета | ||
| 710 | a | Организация/ юрисдикция | Тверской государственный университет | |
| 852 | t | Порядковый номер экземпляра | 2 | |
| p | Инвентарный номер | б/н | ||
| 888 | a | Бесплатные | ||
| 930 | a | Новая/Ретро | авторефераты | |
| 952 | p | 251.2006 б/ц 2 б/н | ||
| c | Вид литературы | А/Р н | ||
| 954 | a | Дата поступления на обработку | 20060701 | |
| 999 | a | Подразделение 2 | ч.з. |